Countries bordering any country starting with "F" - Statistics

General Stats
  • This quiz has been taken 43 times
  • The average score is 10 of 11
Answer Stats
Answer % Correct
Germany
100%
Andorra
97%
Belgium
97%
Spain
97%
Italy
94%
Luxembourg
94%
Monaco
94%
Russia
94%
Sweden
94%
Switzerland
90%
Norway
87%
No matching quizzes found
Score Distribution
Percent of People with Each Score
Percentile by Number Answered
Your Score History
You have not taken this quiz